University Home | Library Home | Institutional Repository

Symphony no. 1 in C minor, op. 68. (Record no. 133416)

MARC details
000 -LEADER
fixed length control field 01053cam6a220028900 4500
001 - CONTROL NUMBER
control field tmp15760517
003 - CONTROL NUMBER IDENTIFIER
control field UPRA
005 - DATE AND TIME OF LATEST TRANSACTION
control field 20190822114758.0
007 - PHYSICAL DESCRIPTION FIXED FIELD--GENERAL INFORMATION
fixed length control field sdubmmennuuune
008 - FIXED-LENGTH DATA ELEMENTS--GENERAL INFORMATION
fixed length control field 951023n nyu u
028 02 - PUBLISHER OR DISTRIBUTOR NUMBER
Publisher or distributor number XWN 18448 Westminster.
Source XWN 18448 Westminster.
035 ## - SYSTEM CONTROL NUMBER
System control number (Sirsi) r51813
035 ## - SYSTEM CONTROL NUMBER
System control number (UPRA)tmp15760517
040 ## - CATALOGING SOURCE
Transcribing agency UPRA
041 0# - LANGUAGE CODE
Language code of accompanying material other than librettos eng
100 1# - MAIN ENTRY--PERSONAL NAME
Personal name Brahme, Johannes, 1833-1897.
Dates associated with a name Brahme, Johannes, 1833-1897.
Linkage A10096.1
240 ## - UNIFORM TITLE
Uniform title 10a26.1..1.9 n26.1..11.14 r26.1..26.8
Medium Sound recording
245 10 - TITLE STATEMENT
Title Symphony no. 1 in C minor, op. 68.
Medium [sound recording].
260 ## - PUBLICATION, DISTRIBUTION, ETC.
Place of publication, distribution, etc. New York :
Name of publisher, distributor, etc. Westminster.
500 ## - GENERAL NOTE
General note Sleeve notes by James Lyons.
511 0# - PARTICIPANT OR PERFORMER NOTE
Participant or performer note Vienna State Opera Orchestra conducted by Hermann Scherchen.
650 #0 - SUBJECT ADDED ENTRY--TOPICAL TERM
Topical term or geographic name entry element Symphonies.
Linkage S6145.1
700 1# - ADDED ENTRY--PERSONAL NAME
Personal name Scherchen, Hermann, 1891-1966.
Dates associated with a name Scherchen, Hermann, 1891-1966.
Linkage A10090.1
710 2# - ADDED ENTRY--CORPORATE NAME
Corporate name or jurisdiction name as entry element Wiener Staatsoper. Orchester.
Subordinate unit Wiener Staatsoper. Orchester.
Linkage A9489.1
949 ## - LOCAL PROCESSING INFORMATION (OCLC)
a M1001
w lcc
i -65710
m MAIN
t BOOK
l ON-SHELF
Holdings
Withdrawn status Lost status Source of classification or shelving scheme Damaged status Not for loan Home library Current library Shelving location Total Checkouts Full call number Barcode Date last seen Copy number Price effective from Koha item type
    Library of Congress Classification     Main Library Main Library On Shelf   M1001 -65710 08/22/2019 1 08/22/2019 Book
© 2026 - The University of Zambia Library - Koha v25.11